| 000 | 00472nam a2200181Ia 4500 | ||
|---|---|---|---|
| 003 | GCL | ||
| 008 | 140319s9999 xx 000 0 eng d | ||
| 040 |
_aGCL / _cGCL |
||
| 082 | 0 | 4 |
_a330.9 _bH S |
| 100 | 1 | _aHEADR, NIGEL | |
| 245 | 1 | 0 |
_aSTUART ECONOMY AND SOCETY / _cHEADR, NIGEL |
| 260 |
_a[S.N] : _bHODDER AND STOUGHTON ، _c1995 |
||
| 300 | _a153 P | ||
| 650 | 0 | 4 | _aECONOMIC HISTORY |
| 650 | 0 | 4 | _aENGLISH HISTORY |
| 650 | 0 | 4 | _aSTUARTS, 1603 - 1714 |
| 942 |
_2ddc _cBK |
||
| 999 |
_c25578 _d25578 |
||